History Quiz

Random History or State Quiz

Democratic Presidential Nominees by home state Quiz Stats

 Plays Quiz not verified by Sporcle

Score 0/33 Timer 10:00
0 Plays Today
Home State Nominee % Correct
New YorkFranklin Delano Roosevelt
86.5%
ArkansasBill Clinton
80.8%
HawaiiBarrack Obama
78.8%
GeorgiaJimmy Carter
76.9%
MassachusettsJohn Kerry
76.9%
New JerseyWoodrow Wilson
75%
MassachusettsJohn Fitzgerald Kennedy
75%
TexasLyndon Barnes Johnson
75%
MinnesotaWalter Mondale
75%
South CarolinaAndrew Jackson
73.1%
MissouriHarry S. Truman
73.1%
New JerseyGrover Cleveland
67.3%
MinnesotaHubert Humphrey
67.3%
South DakotaGeorge McGovern
67.3%
PennsylvaniaJames Buchanan
63.5%
New YorkAlfred E. Smith
61.5%
North CarolinaJames Knox Polk
59.6%
Home State Nominee % Correct
New HampshireFranklin Pierce
59.6%
NebraskaWilliam Jennings Bryan
59.6%
IllinoisStephan Douglas
50%
New YorkSamuel J. Tilden
48.1%
West VirginiaJames S. Cox
48.1%
New YorkJohn W. Davis
44.2%
New YorkMartin Van Buren
42.3%
MichiganLewis Cass
42.3%
New JerseyGeorge B. McClellan
42.3%
New YorkHoratio Seymour
42.3%
New YorkHorace Greeley
42.3%
PennsylvaniaWinfield S. Hancock
42.3%
New YorkAlton B. Parker
42.3%
TennesseeAl Gore Jr.
25%
IllinoisAldi E. Stevenson II
15.4%
MassachusettsMichael Dukis
7.7%

You're not logged in!

Compare scores with friends on all Sporcle quizzes.
OR
Log In

Sporcle TV

Today on Sporcle TV


Watch our educational content, quiz creation guides, and fun videos on Sporcle TV.

Show Comments

Extras

Top Quizzes Today


Score Distribution

Your Account Isn't Verified!

In order to create a playlist on Sporcle, you need to verify the email address you used during registration. Go to your Sporcle Settings to finish the process.

Report this User

Report this user for behavior that violates our Community Guidelines.

Details: